<?xml version="1.0" encoding="UTF-8"?>
<record
    xmlns:xsi="http://www.w3.org/2001/XMLSchema-instance"
    xsi:schemaLocation="http://www.loc.gov/MARC21/slim http://www.loc.gov/standards/marcxml/schema/MARC21slim.xsd"
    xmlns="http://www.loc.gov/MARC21/slim">

  <leader>01537nam0a2200313   4500</leader>
  <controlfield tag="001">RU\NLR\bibl\1178531</controlfield>
  <controlfield tag="005">20260406151741.0</controlfield>
  <datafield tag="010" ind1=" " ind2=" ">
    <subfield code="a">978-5-17-044897-5</subfield>
    <subfield code="b">&#x410;&#x421;&#x422;</subfield>
  </datafield>
  <datafield tag="010" ind1=" " ind2=" ">
    <subfield code="a">978-5-9713-5741-4</subfield>
    <subfield code="b">&#x410;&#x421;&#x422; &#x41C;&#x43E;&#x441;&#x43A;&#x432;&#x430;</subfield>
  </datafield>
  <datafield tag="010" ind1=" " ind2=" ">
    <subfield code="a">978-5-9762-3845-9</subfield>
    <subfield code="9">1500</subfield>
    <subfield code="b">&#x425;&#x440;&#x430;&#x43D;&#x438;&#x442;&#x435;&#x43B;&#x44C;</subfield>
  </datafield>
  <datafield tag="021" ind1=" " ind2=" ">
    <subfield code="a">RU</subfield>
    <subfield code="b">2007-84481</subfield>
    <subfield code="9">4555</subfield>
  </datafield>
  <datafield tag="035" ind1=" " ind2=" ">
    <subfield code="a">(NLR Aleph) 001165164</subfield>
  </datafield>
  <datafield tag="090" ind1=" " ind2=" ">
    <subfield code="a">1562363</subfield>
    <subfield code="c">1562363</subfield>
  </datafield>
  <datafield tag="100" ind1=" " ind2=" ">
    <subfield code="a">20080122d2007    |||y0rusy50      ca</subfield>
  </datafield>
  <datafield tag="101" ind1="1" ind2=" ">
    <subfield code="a">rus</subfield>
    <subfield code="c">pol</subfield>
  </datafield>
  <datafield tag="102" ind1=" " ind2=" ">
    <subfield code="a">RU</subfield>
  </datafield>
  <datafield tag="105" ind1=" " ind2=" ">
    <subfield code="a">y   |||||||||</subfield>
  </datafield>
  <datafield tag="200" ind1="1" ind2=" ">
    <subfield code="a">&#x421;&#x43A;&#x430;&#x437;&#x43A;&#x438; &#x440;&#x43E;&#x431;&#x43E;&#x442;&#x43E;&#x432;</subfield>
    <subfield code="e">[&#x441;&#x431;&#x43E;&#x440;&#x43D;&#x438;&#x43A;</subfield>
    <subfield code="e">&#x43F;&#x435;&#x440;&#x435;&#x432;&#x43E;&#x434; &#x441; &#x43F;&#x43E;&#x43B;&#x44C;&#x441;&#x43A;&#x43E;&#x433;&#x43E;]</subfield>
    <subfield code="f">&#x421;. &#x41B;&#x435;&#x43C;</subfield>
  </datafield>
  <datafield tag="210" ind1=" " ind2=" ">
    <subfield code="a">&#x41C;&#x43E;&#x441;&#x43A;&#x432;&#x430;</subfield>
    <subfield code="c">&#x410;&#x421;&#x422; [&#x438; &#x434;&#x440;.]</subfield>
    <subfield code="d">2007</subfield>
  </datafield>
  <datafield tag="215" ind1=" " ind2=" ">
    <subfield code="a">349,[1] &#x441;.</subfield>
    <subfield code="d">21</subfield>
  </datafield>
  <datafield tag="225" ind1="1" ind2=" ">
    <subfield code="a">&#x41C;&#x438;&#x440;&#x43E;&#x432;&#x430;&#x44F; &#x43A;&#x43B;&#x430;&#x441;&#x441;&#x438;&#x43A;&#x430;</subfield>
  </datafield>
  <datafield tag="327" ind1="1" ind2=" ">
    <subfield code="a">&#x421;&#x43E;&#x434;&#x435;&#x440;&#x436;.: &#x421;&#x43A;&#x430;&#x437;&#x43A;&#x438; &#x440;&#x43E;&#x431;&#x43E;&#x442;&#x43E;&#x432;: &#x421;&#x43A;&#x430;&#x437;&#x43A;&#x430; &#x43E; &#x442;&#x440;&#x435;&#x445; &#x43C;&#x430;&#x448;&#x438;&#x43D;&#x430;&#x445;-&#x440;&#x430;&#x441;&#x441;&#x43A;&#x430;&#x437;&#x447;&#x438;&#x43A;&#x430;&#x445; &#x43A;&#x43E;&#x440;&#x43E;&#x43B;&#x44F; &#x413;&#x435;&#x43D;&#x438;&#x430;&#x43B;&#x43E;&#x43D;&#x430;; &#x410;&#x43B;&#x44C;&#x442;&#x440;&#x443;&#x438;&#x437;&#x438;&#x43D;, &#x438;&#x43B;&#x438; &#x41F;&#x440;&#x430;&#x432;&#x434;&#x438;&#x432;&#x43E;&#x435; &#x43F;&#x43E;&#x432;&#x435;&#x441;&#x442;&#x432;&#x43E;&#x432;&#x430;&#x43D;&#x438;&#x435; &#x43E; &#x442;&#x43E;&#x43C;, &#x43A;&#x430;&#x43A; &#x43E;&#x442;&#x448;&#x435;&#x43B;&#x44C;&#x43D;&#x438;&#x43A; &#x414;&#x43E;&#x431;&#x440;&#x438;&#x446;&#x438;&#x439; &#x41A;&#x43E;&#x441;&#x43C;&#x43E;&#x441; &#x43F;&#x43E;&#x436;&#x435;&#x43B;&#x430;&#x43B; &#x43E;&#x441;&#x447;&#x430;&#x441;&#x442;&#x43B;&#x438;&#x432;&#x438;&#x442;&#x44C; &#x438; &#x447;&#x442;&#x43E; &#x438;&#x437; &#x44D;&#x442;&#x43E;&#x433;&#x43E; &#x432;&#x44B;&#x448;&#x43B;&#x43E;; &#x411;&#x43B;&#x430;&#x436;&#x435;&#x43D;&#x43D;&#x44B;&#x439;; &#x41F;&#x43E;&#x432;&#x442;&#x43E;&#x440;&#x435;&#x43D;&#x438;&#x435;; &#x412;&#x43E;&#x441;&#x43F;&#x438;&#x442;&#x430;&#x43D;&#x438;&#x435; &#x426;&#x438;&#x444;&#x440;&#x443;&#x448;&#x438;; &#x412;&#x435;&#x440;&#x43D;&#x44B;&#x439; &#x440;&#x43E;&#x431;&#x43E;&#x442; (&#x442;&#x435;&#x43B;&#x435;&#x432;&#x438;&#x437;&#x438;&#x43E;&#x43D;&#x43D;&#x430;&#x44F; &#x43F;&#x44C;&#x435;&#x441;&#x430;)</subfield>
  </datafield>
  <datafield tag="686" ind1=" " ind2=" ">
    <subfield code="a">&#x428;6(4&#x41F;)77-445.5{&#x41B;&#x445;1129-92}</subfield>
  </datafield>
  <datafield tag="700" ind1=" " ind2="1">
    <subfield code="4">070</subfield>
    <subfield code="8">rus</subfield>
    <subfield code="7">ca</subfield>
    <subfield code="a">&#x41B;&#x435;&#x43C;</subfield>
    <subfield code="b">&#x421;.</subfield>
    <subfield code="f">1921-2006</subfield>
    <subfield code="g">&#x421;&#x442;&#x430;&#x43D;&#x438;&#x441;&#x43B;&#x430;&#x432;</subfield>
    <subfield code="3">RU\NLR\auth\775492</subfield>
    <subfield code="9">115456</subfield>
  </datafield>
  <datafield tag="801" ind1=" " ind2="0">
    <subfield code="a">RU</subfield>
    <subfield code="b">NLR</subfield>
    <subfield code="c">20080122</subfield>
    <subfield code="g">RCR</subfield>
  </datafield>
  <datafield tag="801" ind1=" " ind2="1">
    <subfield code="a">RU</subfield>
    <subfield code="b">NLR</subfield>
    <subfield code="c">20080122</subfield>
  </datafield>
  <datafield tag="942" ind1=" " ind2=" ">
    <subfield code="c">BOOK</subfield>
  </datafield>
  <datafield tag="980" ind1=" " ind2=" ">
    <subfield code="a">NB</subfield>
  </datafield>
  <datafield tag="995" ind1=" " ind2=" ">
    <subfield code="5">2008-01-22</subfield>
    <subfield code="a">ad</subfield>
    <subfield code="b">NLR01</subfield>
    <subfield code="c">NLR01</subfield>
    <subfield code="e">RF9</subfield>
    <subfield code="f">1-2345444</subfield>
    <subfield code="k">2008-3/1507</subfield>
    <subfield code="o">0</subfield>
    <subfield code="r">BOOK</subfield>
    <subfield code="s">200831507_</subfield>
  </datafield>
  <datafield tag="995" ind1=" " ind2=" ">
    <subfield code="5">2008-01-22</subfield>
    <subfield code="a">ad</subfield>
    <subfield code="b">NLR01</subfield>
    <subfield code="c">NLR01</subfield>
    <subfield code="e">RF9</subfield>
    <subfield code="f">2589843</subfield>
    <subfield code="k">2008-3/1507</subfield>
    <subfield code="o">0</subfield>
    <subfield code="r">BOOK</subfield>
    <subfield code="s">200831507_</subfield>
  </datafield>
</record>
